| 000 | 00577nam a2200205 a 4500 | ||
|---|---|---|---|
| 005 | 20140310183214.0 | ||
| 008 | 030421s19uu xx 00 eng d | ||
| 020 | _a9715131670 | ||
| 050 |
_aRT 41 _b.Ud18 2002 |
||
| 100 | _aUdan, Jose Quiambao | ||
| 245 |
_aMedical-Surgical Nursing : _bconcepts and clinical applications / _cJose Quiambao Udan. |
||
| 260 |
_aManila : _bEducational Publishing House, _c2002. |
||
| 300 |
_a556 p. : _bill. ; _c26 cm. |
||
| 521 | _aNUR | ||
| 942 |
_cBK _2lcc _kLOC |
||
| 999 |
_c20216 _d20216 |
||